<?xml version="1.0" encoding="UTF-8"?>
<record
    xmlns:xsi="http://www.w3.org/2001/XMLSchema-instance"
    xsi:schemaLocation="http://www.loc.gov/MARC21/slim http://www.loc.gov/standards/marcxml/schema/MARC21slim.xsd"
    xmlns="http://www.loc.gov/MARC21/slim">

  <leader>03209cam a2200277 i 4500</leader>
  <controlfield tag="001">991061001442306706</controlfield>
  <controlfield tag="005">20251022162740.0</controlfield>
  <controlfield tag="008">230623e202303  spca||| ||||| 001|0 spa c</controlfield>
  <datafield tag="015" ind1=" " ind2=" ">
    <subfield code="a">LL2023</subfield>
    <subfield code="2">bnc</subfield>
  </datafield>
  <datafield tag="020" ind1=" " ind2=" ">
    <subfield code="a">9788449340598</subfield>
  </datafield>
  <datafield tag="035" ind1=" " ind2=" ">
    <subfield code="a">(OCoLC)1433188541</subfield>
  </datafield>
  <datafield tag="040" ind1=" " ind2=" ">
    <subfield code="a">ES-BaGUN</subfield>
    <subfield code="b">cat</subfield>
    <subfield code="e">rda</subfield>
    <subfield code="c">ES-BaGUN</subfield>
    <subfield code="d">ES-BaBC</subfield>
  </datafield>
  <datafield tag="041" ind1=" " ind2=" ">
    <subfield code="a">spa</subfield>
  </datafield>
  <datafield tag="100" ind1=" " ind2=" ">
    <subfield code="a">Garc&#xED;a Bello, Deborah</subfield>
    <subfield code="d">1984-</subfield>
    <subfield code="e">author</subfield>
    <subfield code="9">26274</subfield>
  </datafield>
  <datafield tag="245" ind1="1" ind2="3">
    <subfield code="a">La qu&#xED;mica de lo bello</subfield>
    <subfield code="b">: un relato cient&#xED;fico sobre el arte y las bellezas cotidianas</subfield>
    <subfield code="c">/ Deborah Garc&#xED;a Bello.</subfield>
  </datafield>
  <datafield tag="250" ind1=" " ind2=" ">
    <subfield code="a">First edition.</subfield>
  </datafield>
  <datafield tag="260" ind1=" " ind2=" ">
    <subfield code="a">Barcelona :</subfield>
    <subfield code="b">Paid&#xF3;s,</subfield>
    <subfield code="c">2023.</subfield>
  </datafield>
  <datafield tag="300" ind1=" " ind2=" ">
    <subfield code="a">311 pages :</subfield>
    <subfield code="b">illustrations ;</subfield>
    <subfield code="c">24 cm.</subfield>
  </datafield>
  <datafield tag="490" ind1=" " ind2=" ">
    <subfield code="a">Paid&#xF3;s contextos</subfield>
  </datafield>
  <datafield tag="520" ind1=" " ind2=" ">
    <subfield code="a">El barrio donde crecimos, el graznido de las gaviotas, el cielo rosicler que anticipa un d&#xED;a de sol, el olor de los libros viejos, las fotos en blanco y negro de los abuelos, el mar, las revistas de moda de los sesenta, las flores urbanas o un pupitre con nombres grabados... Todas ellas bellezas cotidianas que a menudo pasan desapercibidas. Deborah Garc&#xED;a Bello, qu&#xED;mica y divulgadora galardonada, nos invita a disfrutar del asombro por estas bellezas cotidianas y a saborear con sosiego las bellezas extraordinarias. Desde la felicidad de un d&#xED;a corriente hasta la fascinaci&#xF3;n por una obra de arte, la autora nos descubre una original investigaci&#xF3;n en la que el arte se comunica con nosotros a trav&#xE9;s de sus materiales. Porque saber de qu&#xED;mica es como andar por la vida con unos ojos que miran a escala at&#xF3;mica. Todo lo bello, lo bueno y lo verdadero se ve m&#xE1;s n&#xED;tido a trav&#xE9;s del conocimiento cient&#xED;fico. Descubriremos el mundo dentro del mundo, lo bello dentro de lo bello, en un relato costumbrista donde la narrativa se mezcla con la divulgaci&#xF3;n cient&#xED;fica, que baja la ciencia y el arte de sus torres de marfil, y que nos revela que lo m&#xE1;s deslumbrante se encuentra en la cotidianidad de nuestro entorno.</subfield>
  </datafield>
  <datafield tag="520" ind1=" " ind2=" ">
    <subfield code="a">The neighborhood where we grew up, the cry of seagulls, the rosy sky that heralds a sunny day, the smell of old books, black-and-white photos of our grandparents, the sea, 1960s fashion magazines, city flowers, or a school desk carved with names... all are everyday forms of beauty that often go unnoticed.

Deborah Garc&#xED;a Bello, award-winning chemist and science communicator, invites us to rediscover wonder in these ordinary beauties and to savor extraordinary ones with calm appreciation. From the happiness of an ordinary day to the awe inspired by a work of art, the author reveals an original exploration in which art speaks to us through its materials.

Because knowing chemistry is like walking through life with eyes that see at the atomic scale. Everything beautiful, good, and true becomes clearer through scientific understanding. We discover a world within a world, beauty within beauty, in a narrative that blends daily life with scientific storytelling&#x2014;bringing science and art down from their ivory towers to show us that the most dazzling things are often found in the everyday world around us.</subfield>
  </datafield>
  <datafield tag="650" ind1=" " ind2="0">
    <subfield code="a">Aesthetics</subfield>
    <subfield code="9">7380</subfield>
  </datafield>
  <datafield tag="650" ind1=" " ind2="0">
    <subfield code="a">Beauty, Personal</subfield>
    <subfield code="9">26275</subfield>
  </datafield>
  <datafield tag="650" ind1=" " ind2="0">
    <subfield code="a">Chemistry</subfield>
    <subfield code="v">Popular works</subfield>
    <subfield code="9">26276</subfield>
  </datafield>
  <datafield tag="942" ind1=" " ind2=" ">
    <subfield code="2">lcc</subfield>
  </datafield>
  <datafield tag="999" ind1=" " ind2=" ">
    <subfield code="c">5088</subfield>
    <subfield code="d">5088</subfield>
  </datafield>
</record>
